Impact and threats of agricultural biotechnology environmental and food security (Registro nro. 12967)

Detalles MARC
000 -CABECERA
Campo de control 005720000a22001930004500
090 ## - CLASIFICACIÓN LOCAL
Colección AR
Consecutivo 03933
041 0# - IDIOMA
Código de idioma para texto/pista de sonido o título separado
100 1# - ASIENTO PRINCIPAL--NOMBRE PERSONAL
Nombre personal Soberón, Xavier
245 10 - MENCION DE TITULO
Título Impact and threats of agricultural biotechnology environmental and food security
260 ## - PUBLICACION, DISTRIBUCION, ETC. (PIE DE IMPRENTA)
Lugar de publicación, distribución, etc. Mexico
Fecha de publicación, distribución, etc. 2003
300 ## - DESCRIPCION FISICA
Extensión 1-5
500 ## - NOTA GENERAL
Nota general <Colección Recursos Genéticos>
650 14 - ASIENTO SECUNDARIO DE MATERIA - TERMINO TEMATICO
Término temático o nombre geográfico como elemento de entrada Agricultura
650 14 - ASIENTO SECUNDARIO DE MATERIA - TERMINO TEMATICO
Término temático o nombre geográfico como elemento de entrada Riesgo ambiental
650 14 - ASIENTO SECUNDARIO DE MATERIA - TERMINO TEMATICO
Término temático o nombre geográfico como elemento de entrada seguridad alimentaria
650 14 - ASIENTO SECUNDARIO DE MATERIA - TERMINO TEMATICO
Término temático o nombre geográfico como elemento de entrada Recursos genéticos
773 1# - Item fuente:
Título International pugwash workshop
942 ## - ELEMENTOS ADICIONALES (KOHA)
Tipo de ítem Artículo
Existencias
Withdrawn status Lost status Damaged status No para préstamo Colección Ubicación Permanente Ubicación actual Fecha de adquisición Datos de publicación Seriada Total Checkouts Número topográfico Inventario / Código de Barras Date last seen Price effective from Forma de adquisición Tipo de material
      No para Préstamo Hemeroteca Bogotá Bogotá 27/02/2015 Fuera de circulación   AR 03933 017486 25/03/2015 25/03/2015   Artículo